How to keep tropical aquarium fish
A wide-ranging, illustrated guide to creating and maintaining a healthly aquarium covers everything the beginning hobbyist needs to know about freshwater and marine home aquariums, from establishing a flourishing ecosystem to overcoming problems.
Enregistré dans:
| Auteur principal: | |
|---|---|
| Format: | Livre |
| Langue: | Undetermined |
| Publié: |
London
Tiger Books International
1996
|
| Sujets: | |
| Tags: |
Ajouter un tag
Pas de tags, Soyez le premier à ajouter un tag!
|
| Thư viện lưu trữ: | Trung tâm Học liệu Trường Đại học Cần Thơ |
|---|
| LEADER | 00784nam a2200205Ia 4500 | ||
|---|---|---|---|
| 001 | CTU_145222 | ||
| 008 | 210402s9999 xx 000 0 und d | ||
| 020 | |c 15.98 | ||
| 082 | |a 639.34 | ||
| 082 | |b S931 | ||
| 100 | |a Stuart, Jonathan | ||
| 245 | 0 | |a How to keep tropical aquarium fish | |
| 245 | 0 | |c Jonathan Stuart | |
| 260 | |a London | ||
| 260 | |b Tiger Books International | ||
| 260 | |c 1996 | ||
| 520 | |a A wide-ranging, illustrated guide to creating and maintaining a healthly aquarium covers everything the beginning hobbyist needs to know about freshwater and marine home aquariums, from establishing a flourishing ecosystem to overcoming problems. | ||
| 650 | |a Tropical fish,Aquarium fishes | ||
| 904 | |i Giang | ||
| 980 | |a Trung tâm Học liệu Trường Đại học Cần Thơ | ||